00210nam a2200085Ia 4500008004100000100001600041245002900057260003000086300000800116201224s9999 xx 000 0 und d aPeters, Tom 2aA passion for excellence aNew DelhibHarper Collins a437